La " Segunda ola" del marxismo en Costa Rica: los linderos del discurso y la práctica /

En este trabajo se abordan los retos y dielmas de la izquierda marxista costarricense en los años 60-80, analizando los textos producidos por quienes han intentado contra o analizar la experiencia. Se establecen algunas comparaciones entre esta coyuntura y la enfrentada por el Partido Vanguardia Pop...

Полное описание

Сохранить в:
Библиографические подробности
Главный автор: Leandro Zúñiga, Vilma
Другие авторы: Dobles Oropeza, Ignacio
Формат: Текст
Предметы:
Метки: Добавить метку
Нет меток, Требуется 1-ая метка записи!

MARC

LEADER 00000 a a2200000 04500
001 14446
003
040
100 |a Leandro Zúñiga, Vilma  
245 |a La " Segunda ola" del marxismo en Costa Rica:   |b los linderos del discurso y la práctica /  |c Vilma Leandro Zúñiga ; Ignacio Dobles Oropeza 
520 |a En este trabajo se abordan los retos y dielmas de la izquierda marxista costarricense en los años 60-80, analizando los textos producidos por quienes han intentado contra o analizar la experiencia. Se establecen algunas comparaciones entre esta coyuntura y la enfrentada por el Partido Vanguardia Popular en los años cuarenta. Se analiza la problemática de las alianzas, de la concepción acerca de la democracia, acerca de la valoración de la doctrina marxista y la valoración de las coyunturas y las tareas a realizar  
650 |a MARXISMO  
650 |a COMUNISTAS  
650 |a HISTORIA POLITICA  
650 |a PARTIDOS POLITICOS  
650 |a IDEOLOGIAS POLITICAS  
650 |a CONFLICTOS POLITICOS  
700 |a Dobles Oropeza, Ignacio  
773 |g número 100 (II); páginas 198-205  
999 |c 32258  |d 32258 
773 0 |0 18728  |9 3037  |a Universidad de Costa Rica  |d San José, Costa Rica Editorial UCR 1956-  |o 17128  |t Revista de Ciencias Sociales/  |x 04825276